Statistics for Cities Beginning With "S" on a Map

Click here to take the quiz!

General Stats

  • This quiz has been taken 18,328 times
  • The average score is 17 of 30

Answer Stats

City % Correct
Seattle
93%
San Francisco
93%
Sydney
92%
Seoul
86%
Santiago
84%
San Diego
82%
Sao Paulo
82%
Saint Petersburg
80%
Shanghai
79%
Singapore
71%
Seville
69%
San Antonio
67%
San José
60%
Sofia
59%
Santo Domingo
55%
Saint Louis
55%
Sucre
53%
Sheffield
47%
Sapporo
45%
Strasbourg
44%
Savannah
42%
San Juan
41%
Sochi
35%
Suez
33%
Shenzhen
31%
Salvador
29%
Surabaya
19%
Surat
15%
Shenyang
15%
Sendai
13%

Score Distribution

Percentile by Number Answered

Percent of People with Each Score

Your Score History

You have not taken this quiz